| 000 | 00921cam a22002532 4500 | ||
|---|---|---|---|
| 001 | 0000012736 | ||
| 005 | 20151021151123.0 | ||
| 008 | 090316s xx 000 0 eng d | ||
| 020 | _a0071254304 : | ||
| 040 |
_aKABU _cKABU |
||
| 100 | 1 |
_aNewstrom, John W. _@0000135831 |
|
| 245 | 1 | 0 |
_aOrganizational behavior : _bhuman behavior at work / _cJohn W. Newstrom. |
| 250 | _a12th ed. | ||
| 260 |
_aBoston : _b McGraw-Hill, _c2007. |
||
| 300 | _axx, 505 p. | ||
| 650 | 0 |
_aOrganizational behavior. _@0000150790 |
|
| 650 | 0 |
_aIndustrial sociology. _@0000151246 |
|
| 852 | 1 | _9p1665 KES | |
| 852 | 1 | _9p1850 KES | |
| 852 | 1 | _9p1850 KES | |
| 852 | 1 | _9p1850 KES | |
| 908 | _a090316 | ||
| 950 | _@1 | ||
| 999 |
_c882 _d882 |
||